<?xml version="1.0" encoding="UTF-8"?><?xml-stylesheet type="text/xsl" href="static/style.xsl"?><OAI-PMH xmlns="http://www.openarchives.org/OAI/2.0/" xmlns:xsi="http://www.w3.org/2001/XMLSchema-instance" xsi:schemaLocation="http://www.openarchives.org/OAI/2.0/ http://www.openarchives.org/OAI/2.0/OAI-PMH.xsd"><responseDate>2026-04-13T01:51:26Z</responseDate><request verb="GetRecord" identifier="oai:www.recercat.cat:2072/385819" metadataPrefix="marc">https://recercat.cat/oai/request</request><GetRecord><record><header><identifier>oai:recercat.cat:2072/385819</identifier><datestamp>2024-12-01T22:09:28Z</datestamp><setSpec>com_2072_98</setSpec><setSpec>col_2072_378192</setSpec></header><metadata><record xmlns="http://www.loc.gov/MARC21/slim" xmlns:dcterms="http://purl.org/dc/terms/" xmlns:xsi="http://www.w3.org/2001/XMLSchema-instance" xmlns:doc="http://www.lyncode.com/xoai" xsi:schemaLocation="http://www.loc.gov/MARC21/slim http://www.loc.gov/standards/marcxml/schema/MARC21slim.xsd">
   <leader>00925njm 22002777a 4500</leader>
   <datafield ind2=" " ind1=" " tag="042">
      <subfield code="a">dc</subfield>
   </datafield>
   <datafield ind2=" " ind1=" " tag="720">
      <subfield code="a">Solé, Carlota</subfield>
      <subfield code="e">author</subfield>
   </datafield>
   <datafield ind2=" " ind1=" " tag="720">
      <subfield code="a">Parella Rubio, Sònia</subfield>
      <subfield code="e">author</subfield>
   </datafield>
   <datafield ind2=" " ind1=" " tag="720">
      <subfield code="a">Alarcón Alarcón, Amado</subfield>
      <subfield code="e">author</subfield>
   </datafield>
   <datafield ind2=" " ind1=" " tag="260">
      <subfield code="c">2009</subfield>
   </datafield>
   <datafield ind2=" " ind1=" " tag="520">
      <subfield code="a">El presente artículo se aproxima, desde una perspectiva de género, a los factores motivacionales que contribuyen a explicar el autoempleo entre las mujeres inmigrantes residentes en España, muchas de ellas tras desarrollar largas trayectorias laborales como asalariadas, principalmente en el servicio doméstico y en otras actividades que tienen que ver con la reproducción social. El artículo analiza los factores que permiten enmarcar la creciente proclividad hacia el autoempleo por parte de las mujeres inmigradas, procedentes de países no comunitarios. Además de identificar y clasificar cuáles son estos factores, se pretende mostrar de qué modo intervienen a la hora de explicar los emprendimientos de las mujeres inmigrantes, a través de la entrevista en profundidad como técnica de recogida de los datos.</subfield>
   </datafield>
   <datafield ind2=" " ind1=" " tag="520">
      <subfield code="a">This paper analizes, from a gender perspective, the motivations on the burgeoning development of noncomunitarian migrant women business in Spain. These women decide to become entrepreneurship after long labour trajectories mainly at the domestic service and other labour activities connected with social reproduction and care. We link these activities both to the role of the social networks of immigrants themselves and to the conditioning factors of the economic structures of the host society. The main objective is to study, through qualitative interview technique, if the entrepreneurial decision is a reaction to their marginal position on the labour market, in terms of wages, labour conditions and social status; as well as a reaction to their frustration once they realize labour mobility is difficult.</subfield>
   </datafield>
   <datafield tag="653" ind2=" " ind1=" ">
      <subfield code="a">Dones immigrants</subfield>
   </datafield>
   <datafield tag="653" ind2=" " ind1=" ">
      <subfield code="a">Mujeres inmigrantes</subfield>
   </datafield>
   <datafield tag="653" ind2=" " ind1=" ">
      <subfield code="a">Migrant women</subfield>
   </datafield>
   <datafield tag="653" ind2=" " ind1=" ">
      <subfield code="a">Dones empresàries</subfield>
   </datafield>
   <datafield tag="653" ind2=" " ind1=" ">
      <subfield code="a">Entrepreneurship</subfield>
   </datafield>
   <datafield ind2="0" ind1="0" tag="245">
      <subfield code="a">El autoempleo de las trabajadoras inmigradas. ¿Una alternativa a la discriminación laboral?</subfield>
   </datafield>
</record></metadata></record></GetRecord></OAI-PMH>